<?xml version="1.0" encoding="UTF-8"?><?xml-stylesheet type="text/xsl" href="static/style.xsl"?><OAI-PMH xmlns="http://www.openarchives.org/OAI/2.0/" xmlns:xsi="http://www.w3.org/2001/XMLSchema-instance" xsi:schemaLocation="http://www.openarchives.org/OAI/2.0/ http://www.openarchives.org/OAI/2.0/OAI-PMH.xsd"><responseDate>2026-04-17T14:15:32Z</responseDate><request verb="GetRecord" identifier="oai:www.recercat.cat:20.500.14226/461" metadataPrefix="marc">https://recercat.cat/oai/request</request><GetRecord><record><header><identifier>oai:recercat.cat:20.500.14226/461</identifier><datestamp>2026-01-15T12:13:22Z</datestamp><setSpec>com_2072_482492</setSpec><setSpec>com_2072_482491</setSpec><setSpec>com_2072_5211</setSpec><setSpec>col_2072_482496</setSpec></header><metadata><record xmlns="http://www.loc.gov/MARC21/slim" xmlns:dcterms="http://purl.org/dc/terms/" xmlns:xsi="http://www.w3.org/2001/XMLSchema-instance" xmlns:doc="http://www.lyncode.com/xoai" xsi:schemaLocation="http://www.loc.gov/MARC21/slim http://www.loc.gov/standards/marcxml/schema/MARC21slim.xsd">
   <leader>00925njm 22002777a 4500</leader>
   <datafield ind2=" " ind1=" " tag="042">
      <subfield code="a">dc</subfield>
   </datafield>
   <datafield ind2=" " ind1=" " tag="720">
      <subfield code="a">Comunitat de Psicòlegs de centres penitenciaris (Catalunya)</subfield>
      <subfield code="e">author</subfield>
   </datafield>
   <datafield ind2=" " ind1=" " tag="260">
      <subfield code="c">2007-11</subfield>
   </datafield>
   <datafield ind2=" " ind1=" " tag="520">
      <subfield code="a">La classificació inicial dels penats és transcendental pel fet que representa la primera proposta o disseny de tractament de l’intern, i  constitueix la primera valoració del risc del subjecte.

La intenció de la recerca ha estat, doncs, establir un model orientatiu d’entrevista de classificació inicial, la valoració dels aspectes significatius del risc i, de resultes, produir una guia o model d’informe, per tal d’homogeneïtzar i dotar el col·lectiu de pautes comunes d’actuació. Aquest objectiu s’ha tractat d’assolir cercant l’equilibri entre la qualitat i la simplicitat i essent conscients que el document final ha de ser una eina operativa i facilitadora de la tasca professional.

El document produït pretén establir pautes d’actuació de mínims que garanteixin una uniformitat en la valoració i una aportació bàsica de dades rellevants a les autoritats administratives o judicials que han de resoldre en diferents instàncies aspectes relatius a la classificació inicial dels penats. El document s’acompanya de material d’avaluació que, tot i no estar dissenyat específicament per a poblacions penitenciàries, per les seves característiques de brevetat i simplicitat de passació i d’interpretació, pot resultar molt pràctic per aprofundir en algunes qüestions especifiques de l’avaluació quan sigui necessari.</subfield>
   </datafield>
   <datafield ind1="8" ind2=" " tag="024">
      <subfield code="a">https://hdl.handle.net/20.500.14226/461</subfield>
   </datafield>
   <datafield tag="653" ind2=" " ind1=" ">
      <subfield code="a">Tractament penitenciari</subfield>
   </datafield>
   <datafield tag="653" ind2=" " ind1=" ">
      <subfield code="a">Presos--Classificació</subfield>
   </datafield>
   <datafield tag="653" ind2=" " ind1=" ">
      <subfield code="a">Presos – Psicologia</subfield>
   </datafield>
   <datafield ind2="0" ind1="0" tag="245">
      <subfield code="a">Protocol de classificació inicial</subfield>
   </datafield>
</record></metadata></record></GetRecord></OAI-PMH>